00558nam a2200169Ia 450000500170000000800410001702000150005808200130007310000170008624500440010326000440014730000130019150000660020494200060027095200970027699900150037320250519011741.0240331s9999 xx 000 0 und d a9555991413 bBANa305 aBandarage, A 0aKanthawa janagahanaya goleeya arbhudaya aRatmalanabSarvodaya Vishva Lekhac2001 a587 p ., aA Sinhala Translation of Women - Population and Global Crisis cL 001040708LaWERCLbWERCLcSSCd2024-03-31l0o 305.4 BANp6551r2024-03-31w2024-03-31yL c1624d1624